000 01089nam a22002657a 4500
003 URS
005 20230704105025.0
008 230704b |||||||| |||| 00| 0 eng d
043 _aURS
100 _94979
_aJohn Paulo R. Aragones
_eAuthor
245 _aWeb Based Management Information System for Barangay Gulod in Binangonan, Rizal
_cJohn Paulo R. Aragones, Jhon Carlo F. Silayan, Johnsen C. Reyes, Mark John Lloyd B. Herrera, Janine B. VillariƱa, Wilvester A. Santos
260 _c2022
300 _axii, 76 leaves:
_c28 cm.
336 _2rdacontext
_atext
337 _2rdamedia
_aunmediated
338 _2rdacarrier
_avolume
502 _aUndergraduate Thesis
_bBachelor of Science in Information Technology
_cUniversity of Rizal System, Binangonan
_d2022
700 _94984
_aJhon Carlo F. Silayan
_eAuthor
700 _94987
_aJohnsen C. Reyes
_eAuthor
700 _94990
_aMark John Lloyd B. Herrera
_eAuthor
700 _94991
_aJanine B. VillariƱa
_eAuthor
700 _94992
_aWilvester A. Santos
_eAuthor
700 _92311
_aDe Jesus, Ernan P. MSIT
_eadviser
942 _2lcc
_cT
999 _c69475
_d69474